000
00269nam a22001217a 4500
008
170825b 9780805838640 xxu||||| |||| 00| 0 eng d
041
_a
eng
080
_2
2ND
_a
070
100
_a
39
101
_a
MED
245
_a
MEDIA EFFECTS
_c
BRYANT,J
942
_2
udc
_c
BK
999
_c
25112
_d
25112